Imię żeńskie, w którym kryje się inne imię żeńskie. - Statystyki

Ogólne statystyki
  • Ten quiz został rozwiązany 328 razy
  • Średni wynik to 3 z 10
Statystyki odpowiedzi
Hint Odpowiedź % Poprawnych
1. Joanna
61%
2. Magdalena
61%
4. Magdalena
61%
6. Aleksandra
48%
5. Hanna
44%
9. Helena
22%
3. Janina
16%
10. Lilianna
16%
8. Żaneta
16%
7. Mieczysława
3%
Nie znaleziono quizów pasujących do podanych kryteriów
Rozkład punktacji
Procent ludzi z każdym wynikiem
Percentyl według liczby udzielonych odpowiedzi
Twoja historia wyników
Nie rozwiązałeś tego quizu